| Tag |
First Indicator |
Second Indicator |
Subfields |
| LEADER |
00000cam a2200000 4500 |
| 001 |
in00000023172 |
| 005 |
20151007064319.0 |
| 008 |
720718c19611927enk 00000 eng u |
| 035 |
|
|
|a (OCoLC)00359338
|
| 035 |
|
|
|9 AAD9548AM
|
| 040 |
|
|
|c WSU
|d TXA
|d UtOrBLW
|
| 049 |
|
|
|a TXAM
|c [456561]
|
| 090 |
|
|
|a PR3682
|b .S3 1927
|
| 092 |
|
|
|a 822
|b S552s, 1961
|
| 100 |
1 |
|
|a Sheridan, Richard Brinsley,
|d 1751-1816.
|
| 245 |
1 |
4 |
|a The school for scandal /
|c With introduction and notes by Robert Herring.
|
| 264 |
|
1 |
|a London :
|b Macmillan;
|a New York :
|b St Martin's Press,
|c 1961 [1927]
|
| 300 |
|
|
|a 133 pages
|
| 336 |
|
|
|a text
|b txt
|2 rdacontent
|
| 337 |
|
|
|a unmediated
|b n
|2 rdamedia
|
| 338 |
|
|
|a volume
|b nc
|2 rdacarrier
|
| 490 |
1 |
|
|a English literature series
|
| 830 |
|
0 |
|a English literature series.
|
| 999 |
|
|
|a MARS
|
| 999 |
f |
f |
|s cedd3369-cae7-3e65-a467-935d9ba309e8
|i 8a58d519-9bbe-3cae-9e37-d5326dd3e318
|t 0
|
| 952 |
f |
f |
|p normal
|a Texas A&M University
|b College Station
|c Sterling C. Evans Library
|d Evans: Library Stacks
|t 0
|e PR3682 .S3 1927
|h Library of Congress classification
|i unmediated -- volume
|m A14801300230
|
| 998 |
f |
f |
|a PR3682 .S3 1927
|t 0
|l Evans: Library Stacks
|